<?xml version="1.0" encoding="UTF-8"?>
<record
    xmlns:xsi="http://www.w3.org/2001/XMLSchema-instance"
    xsi:schemaLocation="http://www.loc.gov/MARC21/slim http://www.loc.gov/standards/marcxml/schema/MARC21slim.xsd"
    xmlns="http://www.loc.gov/MARC21/slim">

  <leader>03233nam a2200349 a 4500</leader>
  <controlfield tag="003">OSt</controlfield>
  <controlfield tag="005">20251002104648.0</controlfield>
  <controlfield tag="007">cr ||||||a|a|a</controlfield>
  <controlfield tag="008">250903s2025    mx a|||fom||| 001 0 spa d</controlfield>
  <datafield tag="040" ind1=" " ind2=" ">
    <subfield code="e">rda</subfield>
  </datafield>
  <datafield tag="100" ind1="1" ind2=" ">
    <subfield code="a">Figueroa Marb&#xE1;n, Ignacio</subfield>
    <subfield code="9">191012</subfield>
  </datafield>
  <datafield tag="245" ind1="1" ind2="0">
    <subfield code="a">Calidad nutricional de pellets de pasto Pangola (Digitaria eriantha) al adicionar urea /</subfield>
    <subfield code="c">por Ignacio Figueroa Marb&#xE1;n y Areli Guadalupe Cano Land&#xF3;n;  director de tesis Sergio ib&#xE1;n Mendoza Pedroza; secretario Jos&#xE9; Melquiades Monz&#xF3;n Armenta; vocal Anadelia Antonio Medina; suplente Fernando Gonz&#xE1;lez Cer&#xF3;n; suplente Bello Olivera.</subfield>
  </datafield>
  <datafield tag="264" ind1=" " ind2="1">
    <subfield code="a">Chapingo, M&#xE9;xico :</subfield>
    <subfield code="b">El autor,</subfield>
    <subfield code="c">2025.</subfield>
  </datafield>
  <datafield tag="300" ind1=" " ind2=" ">
    <subfield code="a">1 recurso en l&#xED;nea (73 p&#xE1;ginas):</subfield>
    <subfield code="b">cuadros, figuras.</subfield>
  </datafield>
  <datafield tag="336" ind1=" " ind2=" ">
    <subfield code="2">rdacontent</subfield>
    <subfield code="a">texto</subfield>
    <subfield code="b">txt</subfield>
  </datafield>
  <datafield tag="337" ind1=" " ind2=" ">
    <subfield code="2">rdamedia</subfield>
    <subfield code="a">computadora</subfield>
    <subfield code="b">c</subfield>
  </datafield>
  <datafield tag="338" ind1=" " ind2=" ">
    <subfield code="2">rdacarrier</subfield>
    <subfield code="a">recurso en l&#xED;nea</subfield>
    <subfield code="b">cr</subfield>
  </datafield>
  <datafield tag="502" ind1=" " ind2=" ">
    <subfield code="b">IAEZ</subfield>
    <subfield code="c">Zootecn&#xED;a</subfield>
    <subfield code="d">2025.</subfield>
    <subfield code="g">LIC</subfield>
  </datafield>
  <datafield tag="504" ind1=" " ind2=" ">
    <subfield code="a">Incluye referencias bibliogr&#xE1;ficas: p&#xE1;ginas 34-38.</subfield>
  </datafield>
  <datafield tag="520" ind1=" " ind2=" ">
    <subfield code="a">La presente investigaci&#xF3;n evalu&#xF3; el efecto de la adici&#xF3;n de urea sobre la calidad nutricional y digestibilidad de pellets elaborados con pasto pangola (Digitaria eriantha), utilizando niveles de inclusi&#xF3;n de urea al 0%, 1%, 1.5% y 2%. Se realizaron an&#xE1;lisis bromatol&#xF3;gicos y de fibra mediante la metodolog&#xED;a de Van Soest, evaluando las variables de materia seca (MS), cenizas (CZ), prote&#xED;na cruda (PC), materia org&#xE1;nica (MO), fibra detergente neutra (FDN), fibra detergente &#xE1;cida (FDA) y lignina detergente &#xE1;cida (LDA). Los resultados mostraron que la adici&#xF3;n de urea increment&#xF3; significativamente el contenido de PC, confirmando su eficacia como fuente de nitr&#xF3;geno no proteico (NNP). Adem&#xE1;s, la urea gener&#xF3; una disrupci&#xF3;n estructural de la fibra, reduciendo los valores de FDN, FDA y LDA, lo que favorece la digestibilidad de los pellets. Sin embargo, la reducci&#xF3;n excesiva de la lignina y la fibra podr&#xED;an afectar la resistencia f&#xED;sica de los pellets, evidenciando la importancia de un equilibrio entre digestibilidad y durabilidad. Se identific&#xF3; un comportamiento cuadr&#xE1;tico en varias variables, destacando un punto &#xF3;ptimo de inclusi&#xF3;n de urea alrededor del 1.5%, donde se maximiz&#xF3; el valor nutritivo. En conclusi&#xF3;n, la incorporaci&#xF3;n de urea es una estrategia viable para mejorar la calidad nutricional de forrajes tropicales, pero requiere un manejo adecuado para optimizar sus beneficios sin afectar la estabilidad f&#xED;sica ni la seguridad alimentaria de los animales.</subfield>
  </datafield>
  <datafield tag="650" ind1=" " ind2="4">
    <subfield code="a">Digitaria decumbens</subfield>
    <subfield code="x">Digestibilidad</subfield>
    <subfield code="9">191322</subfield>
  </datafield>
  <datafield tag="650" ind1=" " ind2="4">
    <subfield code="a">Digitaria decumbens</subfield>
    <subfield code="x">Valor nutritivo</subfield>
    <subfield code="9">191323</subfield>
  </datafield>
  <datafield tag="650" ind1=" " ind2="4">
    <subfield code="a">Urea</subfield>
    <subfield code="x">Efecto en pastos forrajeros</subfield>
    <subfield code="9">191324</subfield>
  </datafield>
  <datafield tag="700" ind1="1" ind2=" ">
    <subfield code="a">Cano Land&#xF3;n, Areli Guadalupe</subfield>
    <subfield code="9">191013</subfield>
  </datafield>
  <datafield tag="700" ind1="1" ind2=" ">
    <subfield code="a">Mendoza Pedroza, Sergio Ib&#xE1;n</subfield>
    <subfield code="9">74719</subfield>
    <subfield code="e">director.</subfield>
  </datafield>
  <datafield tag="700" ind1="1" ind2=" ">
    <subfield code="a">Monz&#xF3;n Armenta, Jos&#xE9; Melquiades</subfield>
    <subfield code="9">78028</subfield>
    <subfield code="e">secretario.</subfield>
  </datafield>
  <datafield tag="700" ind1="1" ind2=" ">
    <subfield code="a">Antonio Medina, Anadelia</subfield>
    <subfield code="9">191161</subfield>
    <subfield code="e">vocal.</subfield>
  </datafield>
  <datafield tag="700" ind1="1" ind2=" ">
    <subfield code="a">Gonz&#xE1;lez Cer&#xF3;n, Fernando</subfield>
    <subfield code="9">48783</subfield>
    <subfield code="e">suplente.</subfield>
  </datafield>
  <datafield tag="700" ind1="1" ind2=" ">
    <subfield code="a">Bello Olivera, Benito</subfield>
    <subfield code="9">128794</subfield>
    <subfield code="e">suplente.</subfield>
  </datafield>
  <datafield tag="856" ind1=" " ind2=" ">
    <subfield code="z">DESCARGAR PDF</subfield>
    <subfield code="u">http://10.13.5.2/tesis/tl/1710724-3_Y_1810318-7_FIGUEROA_MARBAN_IGNACIO_Y_CANO_LANDON_ARELIGUADALUPE.pdf</subfield>
  </datafield>
  <datafield tag="942" ind1=" " ind2=" ">
    <subfield code="2">Clasificaci&#xF3;n Universidad Aut&#xF3;noma Chapingo</subfield>
    <subfield code="c">TD</subfield>
  </datafield>
  <datafield tag="999" ind1=" " ind2=" ">
    <subfield code="c">220884</subfield>
    <subfield code="d">220884</subfield>
  </datafield>
  <datafield tag="952" ind1=" " ind2=" ">
    <subfield code="0">0</subfield>
    <subfield code="1">0</subfield>
    <subfield code="2">local</subfield>
    <subfield code="4">0</subfield>
    <subfield code="5">1</subfield>
    <subfield code="7">0</subfield>
    <subfield code="8">TesDigL</subfield>
    <subfield code="a">BD</subfield>
    <subfield code="b">BD</subfield>
    <subfield code="c">E_L</subfield>
    <subfield code="d">2025-09-03</subfield>
    <subfield code="l">0</subfield>
    <subfield code="o">Tesis digital</subfield>
    <subfield code="r">2025-09-03 14:19:27</subfield>
    <subfield code="w">2025-09-03</subfield>
    <subfield code="y">TD</subfield>
  </datafield>
</record>
